National formulary of India. (Record no. 73366)

MARC details
000 -LEADER
fixed length control field 00702cam a22002531 4500
001 - CONTROL NUMBER
control field sa 67002675
003 - CONTROL NUMBER IDENTIFIER
control field DLC
005 - DATE AND TIME OF LATEST TRANSACTION
control field 20260227112332.0
008 - FIXED-LENGTH DATA ELEMENTS--GENERAL INFORMATION
fixed length control field 770113s1966 ii f000 0 eng
010 ## - LIBRARY OF CONGRESS CONTROL NUMBER
LC control number sa 67002675
035 ## - SYSTEM CONTROL NUMBER
System control number (OCoLC)2676270
040 ## - CATALOGING SOURCE
Original cataloging agency DLC
Transcribing agency MiDW
Modifying agency MiDW
-- OCoLC
-- DNLM
-- DLC
042 ## - AUTHENTICATION CODE
Authentication code premarc
050 00 - LIBRARY OF CONGRESS CALL NUMBER
Classification number RS125
Item number .I5 1966
060 ## - NATIONAL LIBRARY OF MEDICINE CALL NUMBER
Classification number QV 740 I14 M67 1966
082 ## - DEWEY DECIMAL CLASSIFICATION NUMBER
Classification number 615/.1/0954
110 1# - MAIN ENTRY--CORPORATE NAME
Corporate name or jurisdiction name as entry element India (Republic).
Subordinate unit Ministry of Health.
245 10 - TITLE STATEMENT
Title National formulary of India.
250 ## - EDITION STATEMENT
Edition statement 2d ed.
260 ## - PUBLICATION, DISTRIBUTION, ETC.
Place of publication, distribution, etc. [New Delhi]
Date of publication, distribution, etc. 1966.
300 ## - PHYSICAL DESCRIPTION
Extent vii, 534 p.
Dimensions 17 cm.
650 #0 - SUBJECT ADDED ENTRY--TOPICAL TERM
Topical term or geographic name entry element Medicine
General subdivision Formulae, receipts, prescriptions.
650 #0 - SUBJECT ADDED ENTRY--TOPICAL TERM
Topical term or geographic name entry element Pharmacopoeias
Geographic subdivision India.

No items available.

Powered by Koha